Slováci v Chorvátsku

Bibliographic Details
Main Authors: Bartalská, Ľubica, 1943-2014 (Author), Jančárová, Andrea (Author)
Format: Article
Language:Slovak
ISBN:8088841127

MARC

LEADER 00000naa a2200000uu 4500
001 vtls011048091
003 SK-MaSNL
005 20260302115046.0
008 210904|2000 xo |||||||||||||||||slo|
015 |a SNBRA 
035 |a (urnnbn)urn:nbn:sk:snk:ar-0095nq 
035 |a (uuid)209a8a26-8ecc-4adc-82df-964ec2312d4f 
035 |a urn:nbn:sk:snk-aauz7l 
040 |a SNKBUCL  |b slo  |c SNKBUCL  |e AACR2 
041 0 |a slo 
044 |a xo  |c SK 
100 1 |a Bartalská, Ľubica,  |d 1943-2014  |4 aut  |9 106026 
245 1 0 |a Slováci v Chorvátsku  |c Ľubica Bartalská, Andrea Jančárová 
700 1 |a Jančárová, Andrea  |4 aut  |9 296684 
773 0 |t Slováci v Chorvátsku - minulosť a prítomnosť  |d Bratislava : Dom zahraničných Slovákov, 2000  |g S. 7-12  |z 8088841127 
958 |a OND 
958 |a article12 
958 |a chapter 
999 |c 1262821  |d 1264751